| 000 | 00374cam a22001217a 4500 | ||
|---|---|---|---|
| 008 | 180718b1998 xxu||||| |||| 00| 0 eng d | ||
| 100 | _aKothari, Rajnee | ||
| 245 |
_aSampradayikta aur bhartiya rajneeti _cby Rajnee Kothari |
||
| 260 |
_aAhamdabad _bRenbo Publisher LTD. _c1998 |
||
| 300 | _a163P. | ||
| 650 | _aIndia --Politics and government - | ||
| 650 | _aCommunalism --India | ||
| 999 |
_c440001 _d440001 |
||